000 01146cam a22001814a 4500
005 20250605164345.0
008 250528s ||||||||||||||||||||||||d
035 _a23807
040 _aGR-AtMCL
_bgre
_dGR-AtMCL
_eAACR2
245 1 _aThe Psychological Risks in the Workplace of Public Companies and the Role of Counselling as a Potential Intervention
260 _c2017
300 _a100
520 _aAcknowledgements, Abstract, Introduction, Literature Review, Workplace Counselling, Research on Attitudes Towards Workplace Counselling, Research Rationale, The Case of the Large Public Company, Research Question, Methodology, Research Design, Participants, Survey Materials, Measuring Psychological Risks (PRIWA), Measuring the Attitudes Towards Counselling (ATSPPHSSF), Socio-Demographic Data, Recruitment, Data Collection, Response Rate, Ethical Considerations, Data Analysis, Results, Discussion, Results, Limitations, Critique of my Work, Implications for Practice, Indications for Further Research, Conclusions, References, Appendices.
700 1 _aStamoulos Georgios
_99336
942 _cDS
999 _c8741
_d8741